| 000 | 00685nam a2200253 i 4500 | ||
|---|---|---|---|
| 001 | 18021 | ||
| 003 | ES-MaACL | ||
| 005 | 20230906151736.0 | ||
| 007 | t| | ||
| 008 | 010803s2000 sp ||||0| spa j | ||
| 020 | _a84-350-0797-9 | ||
| 040 |
_aM-BN _bspa _cM-BN |
||
| 080 | _a821.111(73)-31"19" | ||
| 100 | 1 |
_aLurie, Alison. _974848 |
|
| 245 | 1 | 3 |
_aEl último refugio / _cAlison Lurie ; [traducción, Ana Herrera]. |
| 250 | _a1ª ed. | ||
| 260 |
_aBarcelona : _bEdhasa, _c2000. |
||
| 300 |
_a368 p. ; _c20 cm. |
||
| 490 | 0 | _aNovela | |
| 700 | 1 |
_aHerrera, Ana. _963181 |
|
| 830 | 0 |
_aNovela (Edhasa) _9123333 |
|
| 852 |
_aES-MaACL _jL-24765 _bR.130003 |
||
| 999 |
_c18021 _d18021 |
||